| 000 | 00778nam a2200289Ia 4500 | ||
|---|---|---|---|
| 003 | GCL | ||
| 008 | 140319s9999 xx 000 0 ara d | ||
| 040 |
_aGCL / _cGCL |
||
| 082 | 0 | 4 |
_a640 _bوف |
| 100 | 1 | _aوديع جبر | |
| 245 | 1 | 0 |
_aالفوائد المنزلية / _cوديع جبر |
| 260 |
_a[S.N] : _bدار الجيل ، _c1989 |
||
| 300 | _a464 ص | ||
| 490 | _a | ||
| 650 | 0 | 4 | _aالمساكن |
| 650 | 0 | 4 | _aالاقتصاد المنزلى |
| 650 | 0 | 4 | _aالاثاث |
| 650 | 0 | 4 | _aالاغذية |
| 650 | 0 | 4 | _aتنظيف الملابس |
| 650 | 0 | 4 | _aالحشرات المنزلية |
| 650 | 0 | 4 | _aالصابون |
| 650 | 0 | 4 | _aالتنظيف |
| 650 | 0 | 4 | _aالمنظفات |
| 650 | 0 | 4 | _aالصباغة |
| 650 | 0 | 4 | _aالطهى |
| 942 |
_2ddc _cBK |
||
| 999 |
_c27636 _d27636 |
||